|
|
|
|
| LEADER |
00000nam0a2200000 4500 |
| 001 |
292304 |
| 005 |
20231102000500.0 |
| 020 |
|
|
|a RU
|b 83-81630
|
| 035 |
|
|
|a (RuTPU)RU\TPU\book\316919
|
| 090 |
|
|
|a 292304
|
| 100 |
|
|
|a 20150421d1983 m y0rusy5003 ca
|
| 101 |
0 |
|
|a rus
|
| 102 |
|
|
|a RU
|
| 105 |
|
|
|a a j 001zy
|
| 200 |
1 |
|
|a Разработка и эксплуатация газовых и газоконденсатных месторождений в условиях Крайнего Севера
|e учебное пособие
|f Н. Л. Шешуков
|g Тюменский индустриальный институт (ТюмИИ)
|
| 210 |
|
|
|a Тюмень
|c Изд-во Тюменского ГУ
|d 1983
|
| 215 |
|
|
|a 100 с.
|c ил.
|
| 320 |
|
|
|a Библиогр.: с. 94-97
|
| 606 |
|
|
|a Газовые месторождения
|x Системы разработки
|x Проектирование
|2 stltpush
|3 (RuTPU)RU\TPU\subj\4652
|9 32898
|
| 610 |
1 |
|
|a СССР
|
| 610 |
1 |
|
|a северные провинции
|
| 610 |
1 |
|
|a мерзлые породы
|
| 610 |
1 |
|
|a геотермический режим
|
| 610 |
1 |
|
|a строение
|
| 610 |
1 |
|
|a скважины
|
| 610 |
1 |
|
|a эксплуатация
|
| 610 |
1 |
|
|a температурный режим
|
| 610 |
1 |
|
|a газ
|
| 610 |
1 |
|
|a сбор
|
| 610 |
1 |
|
|a подготовка
|
| 610 |
1 |
|
|a залежи
|
| 610 |
1 |
|
|a запасы
|
| 610 |
1 |
|
|a оценка
|
| 610 |
1 |
|
|a учебные пособия
|
| 675 |
|
|
|a 622.279(075.8)
|v 3
|
| 700 |
|
1 |
|a Шешуков
|b Н. Л.
|g Николай Леонтьевич
|
| 712 |
0 |
2 |
|a Тюменский индустриальный институт (ТюмИИ)
|c (1963-1994)
|2 stltpush
|3 (RuTPU)RU\TPU\col\6066
|
| 801 |
|
0 |
|a RU
|b RuMRKP
|c 19950704
|g psbo
|
| 801 |
|
1 |
|a RU
|b 63413507
|c 20150421
|
| 801 |
|
2 |
|a RU
|b 63413507
|c 20180424
|g RCR
|
| 942 |
|
|
|c BK
|